000 00395nam a22001457a 4500
005 20180308112729.0
008 170807b xxu||||| |||| 00| 0 eng d
022 _a04304055
040 _cPK-LaUMT
082 _aZIAC 297.05
_bFIK-
245 _aFikr o nazar (Vol-49 No. 2-3)/
260 _aاسلام آباد:
_bادارہ تحقیقات اسلامی،
_c2011
300 _a356 ص
942 _cBK
999 _c96511
_d96511